Storočná pamiatka 1822-1922

Prednáška na slávnostnej akadémii v Martine 8. 8. 1922 pri príležitosti 100. výročia narodenia spisovateľa J. Kalinčiaka a iných osobností; obsahuje pasáže z Kalinčiakovej povesti Mládenec slovenský a citát z korešpondencie Ľ. Štúra

Bibliographic Details
Main Author: Škultéty, Jozef, 1853-1948 (Author)
Format: Manuscript Book
Language:Slovak
PhysicalDescription:16 strán, 2 nečíslované strany rukopis, voľné listy 21 cm
Vydané aj v tlačenej forme
Published: [Martin] [1922]
Subjects:

MARC

LEADER 00000ntmaa2200000 a 4500
001 vtls012269426
003 SK-MaSNL
005 20260425225614.0
008 250115s1922 xo || 000 sdslo
040 |a SNKLA  |b slo  |c SNKLA  |e AACR2 
041 0 |a slo 
044 |a xo  |c SK 
072 7 |a 394  |x Verejný a spoločenský život. Každodenný život  |2 konspekt 
072 7 |a 821.162.4.09  |x Slovenská literatúra (o nej)  |2 konspekt 
080 |a 025.171  |2 2011 
080 |a 821.162.4-055.1  |2 2011 
080 |a 394.46  |2 2011 
080 |a (042.3)  |2 2011 
100 1 |a Škultéty, Jozef,  |d 1853-1948  |4 aut  |9 189198 
245 1 0 |a Storočná pamiatka  |b 1822-1922  |c [Jozef Škultéty] 
260 |a [Martin]  |c [1922] 
300 |a 16 strán, 2 nečíslované strany  |b rukopis, voľné listy  |c 21 cm 
500 |a Autor podľa iných prác pod signatúrou 49 
520 2 |a Prednáška na slávnostnej akadémii v Martine 8. 8. 1922 pri príležitosti 100. výročia narodenia spisovateľa J. Kalinčiaka a iných osobností; obsahuje pasáže z Kalinčiakovej povesti Mládenec slovenský a citát z korešpondencie Ľ. Štúra 
530 |a Vydané aj v tlačenej forme 
555 0 |a Inventár rukopisov Literárneho archívu Matice slovenskej X. Fondy 46 - 51. Martin : Matica slovenská 1981 
561 |a Okrúhla pečiatka: Matica slovenská Martin Literárny archív 
600 1 7 |a Kalinčiak, Ján,  |d 1822-1871  |2 SNKMA  |9 103729 
650 0 7 |a výročia a významné udalosti  |2 SNKPH  |9 16069 
650 0 7 |a slovenskí spisovatelia  |2 SNKPH  |9 1258 
651 7 |a Martin (Slovensko)  |2 SNKPHgeo  |9 16875 
655 7 |a rukopisy  |2 SNKPH  |9 70548 
655 7 |a prednášky  |2 SNKPH  |9 70554 
700 1 |a Kalinčiak, Ján,  |d 1822-1871  |4 aqt  |9 103729 
700 1 |a Štúr, Ľudovít,  |d 1815-1856  |4 aqt  |9 92872 
787 0 8 |i Vydané v:  |t Slovenské pohľady  |g Roč. 38, č. 9 (1922), s. 474-479 
852 |a SNK  |b Literárny archív 
958 |a OF 
958 |a LAVD 
999 |c 653813  |d 655743 
952 |a SNKLA  |b SNKLA  |c SNKLA_DEP  |y NEVYP  |7 0  |p 17A1230913  |o snk49 CP 4/1  |0 0  |1 0  |4 0  |d 2025-01-15  |f 1  |l 0  |r 2026-02-23 18:29:25  |w 2026-02-23